Megyebizottsági tagok választása

V novembri 1913 skončil mandát týmto členom župného zastupiteľstva z Rožňavy: Alexandrovi Hajcsimu, lekárovi, Ladislavovi Rézovi, kalvínskemu kňazovi a Štefanovi Dittelovi. Voľby nových členov prebehli pod vedením Júliusa Póscha. Mená novozvolených členov nie sú uvedené.

Podrobná bibliografia
Médium: Článok
Jazyk:Hungarian
Témy:
Zdroj: 1. Rozsnyói Hiradó 1. Roč. 36, č. 46 (09.11.1913) s. 2
LEADER 01061nab#a2200289#ar4500
001 000061671
003 SVKKK
005 19960311xxxxxxx.
008 06 c xo huno
FMT
038 |a SVKKK 
040 |a SVKKK  |b slo  |e AACR2 
041 0 |a hun 
044 |a xo  |c SK 
080 |a 353 
242 1 0 |a Voľba členov župného zastupiteľstva 
245 0 0 |a Megyebizottsági tagok választása 
520 2 |a V novembri 1913 skončil mandát týmto členom župného zastupiteľstva z Rožňavy: Alexandrovi Hajcsimu, lekárovi, Ladislavovi Rézovi, kalvínskemu kňazovi a Štefanovi Dittelovi. Voľby nových členov prebehli pod vedením Júliusa Póscha. Mená novozvolených členov nie sú uvedené. 
650 0 4 |a zastupiteľstvo župné - voľby - účasť - podmienky - Rožňava - 17.11.1913 - informácie 
773 0 |t Rozsnyói Hiradó  |g Roč. 36, č. 46 (09.11.1913) s. 2 
957 |a Gemersko-malohontská župa 
957 |a Rožňava 
958 |a SK 
974 |a ebl  |d 19960311 
992 |a RBX 
BAS
998 |a RETRO